000 00621nam a2200193Ia 4500
005 20250508153218.0
008 008 250505s9999 xx 000 0 eng d
037 _aBooks to be hide in OPAC
040 _aFEDL
_beng
_cFEDL
041 _aeng
_2eng
084 _a016.370 78, CEN/O
_qFEDL
245 0 _aC. I. E. publications: Summaries of M. Ed. reports 1956-57
245 0 _cCentral Institute of Education
260 _aDelhi, India
_bCentral Institute of Education
_c1961
300 _aii,95p.
546 _aPublications Number 41
942 _cHB
_h016.370 78, CEN/O
999 _c1341289
_d1341289